00570nam a2200193 a 4500001001300000003000900013005001700022008004100039020002300080082001900103100002300122245006900145260003300214300000900247500003500256505002400291650003700315650002400352nice12345678IN_TiNIC20260116013126.0050524s1991 u sa grp 000 0 eng  a0800680 c10000a232.09015bDAH aDahl, Nils Alstrup aJesus the Christb Historical Origins of Christological Doctrine aU S abFortress Press c1991 a249p aincludes index and biblioraphy2 aIndex, Bibliography aJesus Christ-History of Doctrine aBible N.T. Theology